书目信息 |
| 题名: |
全国中学生优秀作文
|
|
| 作者: | 崔恩源 编选 | |
| 分册: | 议论 | |
| 出版信息: | 延吉 东北朝鲜民族教育出版社 1993 |
|
| 页数: | 246页 | |
| 开本: | 19cm | |
| 丛书名: | ||
| 单 册: | ||
| 中图分类: | H194.5 | |
| 科图分类: | 41.27 | |
| 主题词: | 议论文--中学--选集 , 议论文 | |
| 电子资源: | ||
| ISBN: | 7-5437-1528-7 | |
| 000 | 00710nam0 2200253 450 | |
| 001 | 0199040203 | |
| 005 | 20100713020756.0 | |
| 010 | @a7-5437-1528-7@dCNY3.90 | |
| 011 | @a7-5437-1528-7 | |
| 100 | @a19990617d1993 demy0chiy0110 ea | |
| 101 | 0 | @achi |
| 102 | @aCN@b220000 | |
| 105 | @ay z 000yy | |
| 106 | @ar | |
| 200 | 1 | @a全国中学生优秀作文@9Quan Guo Zhong Xue Sheng You Xiu Zuo Wen @i议论@f[崔恩源等编选] |
| 210 | @a延吉@c东北朝鲜民族教育出版社@d1993 | |
| 215 | @a246页@d19cm | |
| 606 | 0 | @a议论文@x中学@x选集 |
| 606 | 0 | @a议论文 |
| 690 | @aH194.5@v3 | |
| 692 | @a41.27@v2 | |
| 701 | 0 | @a崔恩源@9cui en yuan@4编选 |
| 801 | 0 | @aCN@b91MARC@c20130904 |
| 905 | @aBZT@dH194.5@e577@f2@sH194.5/577 | |
| 全国中学生优秀作文.议论/[崔恩源等编选].-延吉:东北朝鲜民族教育出版社,1993 |
| 246页;19cm |
| ISBN 7-5437-1528-7:CNY3.90 |
| ● |
| 相关链接 |
|
|
|
正题名:全国中学生优秀作文
索取号:H194.5/577
 
预约/预借
| 序号 | 登录号 | 条形码 | 馆藏地/架位号 | 状态 | 备注 |
| 1 | 2000044588 | 2000044588 | 旧书回溯/ [索取号:H194.5/577] | 在馆 | |
| 2 | 2000148899 | 2000148899 | 旧书回溯/ [索取号:H194.5/577] | 在馆 |